00497nam a22001337a 4500003000500000038001800005082000800023100003700031245015300068264003300221650001800254700003400272856005700306NUST aNusrat Nadeem a200 aZaidi, Syed Muhammad Hani Haider aDeveloping a Local Supply Chain for Lithium-Ion Batteries: Opportunities & Challenges in the Pakistani Landscape/cSyed Muhammad Hani Haider Zaidi,  aIslamabad:bNBS NUST.c2025. aExecutive MBA aSupervisor: Dr. Nabeel Safdar uhttp://10.250.8.41:8080/xmlui/handle/123456789/54543